Formule 1 - Victoires d'Oscar Piastri - Statistiques

Statistiques générales
  • Ce quiz a été pris 62 fois
    24 depuis la dernière actualisation
  • Le résultat moyen est 8 sur 9
Statistiques - réponses
Victoires % Correct
Hongrie 2024
95%
Chine 2025
90%
Pays-Bas 2025
90%
Spa-Francorchamps 2025
90%
Arabie saoudite 2025
85%
Azerbaïdjan 2024
85%
Bahreïn 2025
85%
Espagne 2025
80%
Miami 2025
80%
Aucun quiz correspondant
Distribution des résultats
% des personnes avec chaque résultat
Percentile par nombre de réponses
Votre historique - résultats
Vous n’avez pas pris ce quiz depuis la dernière actualisation